Iniciacin̤ a la investigacin̤ jurd̕ica

Detalles Bibliográficos
Autor principal: Calzadilla Medina, M.® Arǹzazu
Otros Autores: Manescau Martn̕, Mara̕ Teresa, Rodrg̕uez Bravo De Laguna, Juan Još
Formato: eBook
Lenguaje:español
Publicado: Madrid: Dykinson, 2021
Materias:
Acceso en línea:Acceso restringido

MARC

LEADER 00000nam a22000007a 4500
005 20210819221153.0
007 cr|||| ||||
008 210819s2021 es |||||s|||| 00||0 spa d
020 |a 978-84-1377-389-6 
035 |a 33549 
040 |a vLex 
090 |c 12076  |d 12076 
100 1 |a Calzadilla Medina, M.® Arǹzazu 
245 1 0 |a Iniciacin̤ a la investigacin̤ jurd̕ica  |h [Recurso electrn̤ico] /  |c M.® Arǹzazu Calzadilla Medina, Mara̕ Teresa Manescau Martn̕, Juan Jos ̌Rodrg̕uez Bravo De Laguna 
256 |a Servicio en ln̕ea 
260 |a Madrid:  |b Dykinson,  |c 2021 
300 |a 1 recurso electrn̤ico 
500 |a Esta obra, que sus autoras y autores dedican a su alumnado, est ̀dirigida a quien se adentra por primera vez en la investigacin̤ jurd̕ica, con independencia de cul̀ sea el nivel –grado o posgrado- en el que ello sucede. Pretende, por tanto, contribuir a la formacin̤ y orientacin̤ en cuestiones bs̀icas de la investigacin̤ jurd̕ica. Por ello, los quince capt̕ulos que la componen –adems̀ de un apňdice, un compendio de enlaces de interš y una bibliografa̕ final-, se han elaborado desde la concisin̤ –recogiendo lo ms̀ importante- y para que puedan ser led̕os o consultados de manera independiente. El Espacio Europeo de Investigacin̤, la normativa en materia de investigacin̤ -en grado y en posgrado-, as ̕como las competencias que se prevň alcanzar con la iniciacin̤ del alumnado en este m̀bito, son temas que permitirǹ un acercamiento a lo que es realmente la investigacin̤ y, en particular, la jurd̕ica. Tambiň se recogen, entre otras, cuestiones de gran importancia formativa, tales como el respeto a la normativa de proteccin̤ de datos y de propiedad intelectual –en especial, la necesidad de evitar el plagio-, a la vez que otras ms̀ especf̕icas y de gran utilidad prc̀tica, como orientaciones para la bs︢queda de referencias bibliogrf̀icas, normativas y jurisprudenciales, pautas para citar correctamente en las obras jurd̕icas e incluso consejos y cuestiones a tener en cuenta sobre la presentacin̤ y defensa del trabajo de investigacin̤. 
506 1 |a Disponible solo en los productos indicados  |d vLex Global  |d vLex Global (Academic Edition, excluding Law Schools)  |d vLex Global (U.S. Academic Edition, Law Schools)  |d vLex Global (U.S. Academic Edition, excluding Law Schools)  |d vLex Global (Academic Edition, Law Schools) 
650 0 4 |a Derecho Comunitario  |z Espaą 
700 1 |a Manescau Martn̕, Mara̕ Teresa 
700 1 |a Rodrg̕uez Bravo De Laguna, Juan Još 
740 0 |a vLex Libros (Servicio en ln̕ea) 
856 4 0 |u https://app.vlex.com/#/sources/33549  |z Acceso restringido 
942 |c BOOK 
999 0 |a Community Law